• 首页
  • 本馆介绍
  • 公告通知
  • 最新文献
  • 馆藏检索
  • 电子资源
  • 读者导购
  • 参考咨询
  • 我的图书馆
  • 登录
  • 详细信息显示
  • 放入我的书架
  • 预约/预借图书
  • 作者相关作品
  • 分类相关作品
  • 丛书相关作品
  • 出版社相关作品

书目信息

  • 表格格式
  • 工作单格式
  • 卡片格式
题名:
马克思主义典型学说概述
    
 
作者: 李衍柱 著
分册:  
出版信息: 济南   山东文艺出版社  1984
页数: 406页
开本: 19cm
丛书名:
单 册:
中图分类: I025
科图分类:
主题词: 文学理论--基本问题
电子资源:
ISBN:
000 00649nam0 2200241 45
001 0184003158
005 20040425101202.7
010    @dCNY1.25
091    @a10331.12
100    @a19950626d1984 em y0chiy0121 ea
101 0  @achi
102    @aCN@b370000
105    @ay z 000yy
106    @ar
200 10 @a马克思主义典型学说概述@Ama ke si zhu yi dian xing xue shuo gai shu@f李衍柱著
210    @a济南@c山东文艺出版社@d1984
215    @a406页@d19cm
606 0  @a文学理论@x基本问题
690    @aI025
701  0 @a李衍柱@Ali yan zhu@4著
801  0 @aCN@b上海图书馆@c20040425
801  2 @aCN@bNLC@c20040425
905    @f2@b149014-015@dI025@e77
    
    马克思主义典型学说概述/李衍柱著.-济南:山东文艺出版社,1984
    406页;19cm
    
    
    ISBN :CNY1.25
    
●
相关链接 在E读中查询图书 在五车中查询图书 在当当中查询图书 在豆瓣中查询图书


正题名:马克思主义典型学说概述     索取号:I025/77         预约/预借

序号 登录号 条形码 馆藏地/架位号 状态 备注
1 0149014   000900369   第二借阅区/ [索取号:I025/77] 在馆    
2 0149015   000900298   第二借阅区/ [索取号:I025/77] 在馆    
3 0149016   202068591   第一样本阅览室/ [索取号:I025/77] 在馆    
唐山师范学院图书馆 欢迎您!
大连网信软件有限公司© 版权所有